Statistics for Top 20 Bestselling Albums Of All Time

Click here to take the quiz!

General Stats

  • This quiz has been taken 27 times
  • The average score is 9 of 20

Answer Stats

HintAnswer% Correct
2 - Michael JacksonThriller
96%
7 - AC/DCBack In Black
85%
3 - EaglesHotel California
81%
10 - Fleetwood MacRumours
73%
6 - Pink FloydThe Wall
73%
13 - Guns & RosesAppetite For Destruction
62%
16 - Elton JohnGreatest Hits
62%
19 - Alanis MorrisetteJagged Little Pill
62%
12 - The BeatlesThe White Album
50%
20 - Bee GeesSaturday Night Fever
46%
15 - BostonBoston
42%
5 - Led ZeppelinLed Zeppelin 4
42%
11 - Shania TwainCome On Over
27%
9 - Hootie & The BlowfishCracked Rear View
15%
8 - Garth BrooksDouble Live
8%
17 - Garth BrooksNo Fences
8%
14 - Whitney HoustonThe Bodygaurd
8%
1 - EaglesTheir Greatest Hits 1971-1975
8%
18 - The BeatlesThe Beatles 1967-1970
4%
4 - Billy JoelGreatest Hits Volume 1 and Volume 2
0%

Score Distribution

Percentile by Number Answered

Percent of People with Each Score

Your Score History

You have not taken this quiz